| 000 | 00671nam a2200241Ia 4500 | ||
|---|---|---|---|
| 003 | OSt | ||
| 005 | 20221007075654.0 | ||
| 006 | a|||||r|||| 00| 0 | ||
| 007 | ta | ||
| 008 | 221006b |||||||| |||| 00| 0 eng d | ||
| 024 | _a44,371 | ||
| 037 | _cTextual | ||
| 040 |
_aFLL _cFLL _beng |
||
| 041 |
_2eng _aeng |
||
| 082 | _aX7243.2, Q7 | ||
| 100 |
_aAGARWAL Anjali _9694105 |
||
| 245 | 0 |
_aGoods and services tax (GST) _b Impact on the Indian economy |
|
| 250 | _a1st | ||
| 260 |
_aNew Delhi _bNew Century Publications India _c2017 |
||
| 300 |
_axxi,200p. _ccm. |
||
| 942 |
_hX7243.2, Q7 _cTEXL _2CC |
||
| 999 |
_c1156959 _d1156959 |
||